Teoría del lenguaje y lingüística general: cinco estudios
Saved in:
| 主要作者: | |
|---|---|
| 格式: | 图书 |
| 语言: | 西班牙语 |
| 出版: |
Madrid
Gredos
1973
|
| 版: | 3a. ed |
| 丛编: | Bibliotca Románica Hispanica, estudios y ensayos, 61
|
| 主题: | |
| 标签: |
添加标签
没有标签, 成为第一个标记此记录!
|
MARC
| LEADER | 00000nam a2200000 a 4500 | ||
|---|---|---|---|
| 001 | UCX1279 | ||
| 003 | CL-VaPUC | ||
| 008 | 900713e19730000SP |||||||||||||||||spa|d | ||
| 082 | 0 | 4 | |a 401 |b COS |2 21 |
| 100 | 0 | |a Coseriu, Eugenio |e author |9 316731 | |
| 245 | 1 | 0 | |a Teoría del lenguaje y lingüística general: cinco estudios |
| 250 | |a 3a. ed | ||
| 300 | |a 328 p | ||
| 942 | |c BK | ||
| 945 | |d 19900713 00:00:00 |a rbrito | ||
| 260 | |a Madrid |b Gredos |c 1973 | ||
| 650 | 7 | |a LINGUISTICA TEORIA |2 CL-VaPUC |9 316398 | |
| 650 | 7 | |a LENGUAJE Y LENGUAS TEORIA |2 CL-VaPUC |9 316732 | |
| 583 | |a last modification |c 19900713 00:00:00 |k Rodrigo Vera | ||
| 490 | 0 | |a Bibliotca Románica Hispanica, estudios y ensayos, 61 | |
| 999 | |c 222549 |d 222547 | ||
| 952 | |0 0 |1 0 |4 0 |6 401_000000000000000_COS_1973 |7 0 |8 A |9 217484 |a FDOPOS |b FDOPOS |d 2019-11-15 |i 2864037 |o 401 COS 1973 |p 2864037 |r 2025-01-22 |w 2019-11-15 |y BK |k MLA | ||
| 952 | |0 0 |1 0 |4 0 |6 401_000000000000000_COS_1973 |7 0 |8 A |9 217485 |a BIBEDU |b BIBEDU |d 2019-11-15 |i 2953366 |o 401 COS 1973 |p 2953366 |r 2019-11-15 |w 2019-11-15 |y BK |k LIT | ||
| 952 | |0 0 |1 0 |4 0 |6 401_000000000000000_COS_1973 |7 0 |8 A |9 217486 |a BIBEDU |b BIBEDU |d 2019-11-15 |i 2960397 |o 401 COS 1973 |p 2960397 |r 2019-11-15 |w 2019-11-15 |y BK |k LIT | ||
| 952 | |0 0 |1 0 |4 0 |6 401_000000000000000_COS_1973 |7 0 |8 A |9 217487 |a FDOPOS |b FDOPOS |d 2019-11-15 |i 3719839 |o 401 COS 1973 |p 3719839 |r 2025-01-22 |w 2019-11-15 |y BK |k MLA | ||
| 952 | |0 0 |1 0 |4 0 |6 401_000000000000000_COS_1973 |7 0 |8 A |9 217488 |a FDOPOS |b FDOPOS |d 2019-11-15 |i 4315995 |o 401 COS 1973 |p 4315995 |r 2025-01-22 |w 2019-11-15 |y BK |k MLA | ||